| 000 | 00620nam a2200229 a 4500 | ||
|---|---|---|---|
| 008 | |||
| 020 | _a8121901324 (pbk. ) | ||
| 049 | _aMAIN | ||
| 090 |
_aTJ170 _bKHU |
||
| 100 | 1 | _aKhurmi,R.S. | |
| 245 | 1 | 0 |
_aTheory of machines./ _cR.S. Khurmi and J.K.Gupta |
| 260 |
_aNew Delhi _bEurasia Publishing _c1998 |
||
| 300 |
_a1007 p.: _bill. ; _c23 cm. |
||
| 500 | _aIncludes index. | ||
| 650 | 0 | _aMechanics, Applied. | |
| 650 | 0 | _aMachinery. | |
| 907 |
_a.b1028476x _b30-09-10 _c30-09-10 |
||
| 003 | |||
| 005 | 20230123125049.0 | ||
| 040 | _cNUST | ||
| 942 |
_cBOOKS _kTJ170 _mKHU |
||
| 999 |
_c135086 _d135086 |
||